| 000 | 00363nam a2200121Ia 4500 | ||
|---|---|---|---|
| 008 | 210430s9999 xx 000 0 und d | ||
| 082 | _a327P1521 I | ||
| 100 | _aNorman D.Palmer.howard C. Perking | ||
| 245 |
_aInternation Relations _cNorman D.Palmer.howard C. Perking |
||
| 260 |
_aIslamabad _bNational Book Foundation _c1969 |
||
| 300 | _a818p | ||
| 942 |
_cBK _2ddc |
||
| 999 |
_c563323 _d563323 |
||